00354cam a22001097a 4500008004000000082001800040100002000058245004800078260005000126300000800176700006000184180718b1960 xxu||||| |||| 00| 0 eng d aT25084 Un3p/7 aClay, Hilary M. aOlder worker and his jobcby Hilary M. Clay aLondonbHer Majesty's Stationery Officec1960 a20p aU.K. . Department of Scientific and Industrial Research